00795nam a22002177a 450000500170000001000140001702000110003103500130004203700130005510000290006824500970009726000400019427000450023430000320027950000500031165000220036170000220038394200220040599900170042795201330044420100804102927.0 aENG-98006 c240.00 aEN-81539 bDBAD/PUB aMukhopadhyay, S. N95746 aMathematical analysis :bcontaining real analysis /cby S. N. Mukhopadhyay [and] A. K. Layek aKolkatabU. N. Dhur and Sons c2009 a2A, Bhawani Dutta Lane bKolkatae700073 aV.1. vii, 443p.c23cm (pbk) aIncludes bibliographical references and index aMathematics95747 aLayek, A. K95658 2ddccENh510mMUK c39093d39093 001040718NFICaDBADbDBADd2010-08-04eDBAD/PUBg240.00l0o510 MUKpEN-81539r2010-08-04 00:00:00t1v240.00w2010-08-04yEN